This is Brazil - Pictures - Statistics

General Stats
  • This quiz has been taken 70 times
  • The average score is 10 of 21
Answer Stats
Picture Answer % Correct
Pele
84%
Sao Paulo
73%
Rio de Janeiro
67%
Copacabana
63%
Christ the Redeemer
61%
Favela Rio
61%
Iguazu Falls
59%
Ipanema
58%
Sugar Loaf Mountain
55%
Toucan
53%
Ayrton Senna
52%
Carnival
52%
Giant Anteater
50%
Jaguar
50%
Armadillo
36%
Amazon River
31%
Macaw
31%
Oscar Niemeyer
19%
Brasilia Cathedral
8%
Marta Vieira da Silva
6%
Rhea
6%
No matching quizzes found
Score Distribution
Percent of People with Each Score
Percentile by Number Answered
Your Score History
You have not taken this quiz